Orientaciones políticas : (Record no. 47414)
[ view plain ]
| 000 -LEADER | |
|---|---|
| campo de control de longitud fija | 00946nam a2200253 i 4500 |
| 001 - NÚMERO DE CONTROL | |
| campo de control | 47414 |
| 003 - IDENTIFICADOR DE NÚMERO DE CONTROL | |
| campo de control | ES-MaACL |
| 005 - FECHA Y HORA DE LA ÚLTIMA TRANSACCIÓN | |
| campo de control | 20250901200227.0 |
| 007 - CAMPO FIJO DE DESCRIPCIÓN FÍSICA--INFORMACIÓN GENERAL | |
| campo de control de longitud fija | t| |
| 008 - DATOS DE LONGITUD FIJA--INFORMACIÓN GENERAL | |
| campo de control de longitud fija | 030424s1913 sp |||| | spa d |
| 040 ## - FUENTE DE CATALOGACIÓN | |
| Centro/agencia transcriptor | ES-MaACL |
| 080 ## - NÚMERO DE LA CLASIFICACIÓN DECIMAL UNIVERSAL | |
| Número de la Clasificación Decimal Universal | 32(460)"1902/31" |
| 100 1# - ENTRADA PRINCIPAL--NOMBRE DE PERSONA | |
| Nombre de persona | Rivera Pastor, Francisco, |
| Fechas asociadas al nombre | 1878-1936 |
| Término indicativo de función/relación | Autor |
| 9 (RLIN) | 97663 |
| 245 10 - MENCIÓN DEL TÍTULO | |
| Título | Orientaciones políticas : |
| Resto del título | memoria que actualmente es objeto de discusión en la Sección de Ciencias Morales y Políticas / |
| Mención de responsabilidad, etc. | por Francisco Rivera Pastor. |
| 260 ## - PUBLICACIÓN, DISTRIBUCIÓN, ETC. | |
| Lugar de publicación, distribución, etc. | [Madrid : |
| Nombre del editor, distribuidor, etc. | s.n., |
| Fecha de publicación, distribución, etc. | 1913] |
| Fabricante | (Imp. de Juan Pueyo) |
| 300 ## - DESCRIPCIÓN FÍSICA | |
| Extensión | 16 páginas ; |
| Dimensiones | 24 cm. |
| 610 24 - PUNTO DE ACCESO ADICIONAL DE MATERIA--NOMBRE DE ENTIDAD CORPORATIVA | |
| Nombre de entidad corporativa o nombre de jurisdicción como elemento de entrada | Ateneo de Madrid. |
| Unidad subordinada | Sección de Ciencias Morales y Políticas- |
| Subdivisión de forma | Memorias. |
| 9 (RLIN) | 1986 |
| 650 #7 - PUNTO DE ACCESO ADICIONAL DE MATERIA--TÉRMINO DE MATERIA | |
| Término de materia o nombre geográfico como elemento de entrada | Estado |
| Fuente del encabezamiento o término | embne |
| 9 (RLIN) | 12523 |
| 651 #0 - PUNTO DE ACCESO ADICIONAL DE MATERIA--NOMBRE GEOGRÁFICO | |
| Nombre geográfico | España- |
| Subdivisión general | Política y gobierno- |
| Subdivisión cronológica | 1902-1931 |
| 9 (RLIN) | 226938 |
| 852 4# - LOCALIZACIÓN | |
| Ubicación | ES-MaACL |
| Ubicación en estantería | Depósito folletos |
| Número de control de estantería | T-1338-12 |
| 942 ## - ELEMENTOS DE ENTRADA SECUNDARIOS (KOHA) | |
| Tipo de ítem Koha | Folleto |
| Suprimir en OPAC | No |
| Estatus retirado | Estado de pérdida | Fuente del sistema de clasificación o colocación | Estado de daño | No para préstamo | Colección | Biblioteca de origen | Biblioteca actual | Ubicación en estantería | Fecha de adquisición | Total de préstamos | Signatura topográfica completa | Código de barras | Visto por última vez | Tipo de ítem Koha |
|---|---|---|---|---|---|---|---|---|---|---|---|---|---|---|
| Clasificación decimal universal | Colección de folletos | Biblioteca del Ateneo de Madrid | Biblioteca del Ateneo de Madrid | Depósito folletos | 17/01/2008 | T-1338-12 | 1049879 | 23/02/2023 | Folleto |
